1.FSV Mainz 05 Squad 2016-2017 - Statistics

General Stats
  • This quiz has been taken 4 times
  • The average score is 14 of 32
Answer Stats
# Position Nation Player % Correct
17 FW Spain Jairo Samperio
100%
10 MF Turkey Yunus Mallı
100%
10 FW Spain Bojan Krkić
67%
38 FW Philippines Gerrit Holtmann
67%
25 MF Ivory Coast Jean-Philippe Gbamin
67%
15 FW Colombia Jhon Córdoba
67%
1 GK Denmark Jonas Lössl
67%
5 MF Spain José Rodríguez
67%
3 DF Nigeria Leon Balogun
67%
- Coach Switzerland Martin Schmidt
67%
26 DF Germany Niko Bungert
67%
32 FW Argentina Pablo de Blasis
67%
7 MF Sweden Robin Quaison
67%
9 FW Japan Yoshinori Mutō
67%
42 DF Germany Alexander Hack
33%
22 DF Brazil André Ramalho
33%
18 DF Germany Daniel Brosinski
33%
6 MF Germany Danny Latza
33%
11 FW Denmark Emil Berggreen
33%
20 MF Switzerland Fabian Frei
33%
24 DF France Gaëtan Bussmann
33%
2 DF Italy Giulio Donati
33%
33 GK Germany Jannik Huth
33%
21 FW Austria Karim Onisiwo
33%
8 FW Germany Levin Öztunali
33%
16 DF Germany Stefan Bell
33%
36 FW Germany Aaron Seydel
0%
27 FW Germany Christian Clemens
0%
29 FW Germany Devante Parker
0%
19 DF Croatia Marin Šverko
0%
47 MF Germany Philipp Klement
0%
45 MF Germany Suat Serdar
0%
No matching quizzes found
Score Distribution
Percent of People with Each Score
Percentile by Number Answered
Your Score History
You have not taken this quiz